000 00438nam a22001817a 4500
003 OSt
005 20170105103441.0
008 120425t xxu||||| |||| 00| 0 eng d
020 _a1891389122
040 _cASAB
050 _a612.6
100 _aRamon pinon jr
_9153
245 _aBiology of Human Reproduction
260 _aCalifornia
_b university science Book
300 _a534
650 _aHuman reproduction
_9154
942 _2ddc
_cBK
999 _c16477
_d16477